Applications of non-linear regression methods to RIA and IRMA curves : μεταπτυχιακή διατριβή

Η εργασία αφορά την εφαρμογή στατιστικών τεχνικών στην εκτίμηση RIA και IRMA καμπυλών που χρησιμοποιούνται ευρέως στη διάγνωση προβλημάτων στη λειτουργία του θυροειδή. Η στατιστική μέθοδος που χρησιμοποιείται για την εξαγωγή των συμπερασμάτων είναι η μη-γραμμική παλινδρόμηση. Διαθέτουμε κάποια δεδομ...

Πλήρης περιγραφή

Αποθηκεύτηκε σε:
Λεπτομέρειες βιβλιογραφικής εγγραφής
Κύριος συγγραφέας: Τόλιου, Αικατερίνη
Συγγραφή απο Οργανισμό/Αρχή: Πανεπιστήμιο Αιγαίου. Σχολή Θετικών Επιστημών. Τμήμα Στατιστικής και Αναλογιστικών-Χρηματοοικονομικών Μαθηματικών. Μεταπτυχιακό Πρόγραμμα Στατιστική και Αναλογιστικά - Χρηματοοικονομικά Μαθηματικά
Μορφή: Thesis Βιβλίο
Γλώσσα:English
Δημοσίευση: 2017.
Θέματα:
Διαθέσιμο Online:http://hdl.handle.net/11610/17593
Ετικέτες: Προσθήκη ετικέτας
Δεν υπάρχουν, Καταχωρήστε ετικέτα πρώτοι!

MARC

LEADER 00000cam a2200000 a 4500
001 1/114379
008 170621s2017####gr | ||| |||| ||eng||
040 |a GR-MyUa  |b gre  |c GR-MyUa  |e AACR2 
041 0 |a eng 
082 7 |a 519.536   |2 (23)  
100 1 |a Τόλιου, Αικατερίνη. 
245 1 0 |a Applications of non-linear regression methods to RIA and IRMA curves :   |b μεταπτυχιακή διατριβή /   |c Katerina Toliou ; supervisor John Tsimikas.  
260 |c 2017.  
300 |a 95 [3] σ. :   |b διάγρ., σχέδια, πιν. ;   |c 30 εκ. 
502 |a Διατριβή (μεταπτυχιακή) - Πανεπιστήμιο Αιγαίου, Σάμος, 2017.  
504 |a Περιέχει βιβλιογραφικές αναφορές.  
506 1 |a Διάθεση πλήρους κειμένου ;   |d Ενδοπανεπιστημιακή δημοσίευση.  
520 8 |a Η εργασία αφορά την εφαρμογή στατιστικών τεχνικών στην εκτίμηση RIA και IRMA καμπυλών που χρησιμοποιούνται ευρέως στη διάγνωση προβλημάτων στη λειτουργία του θυροειδή. Η στατιστική μέθοδος που χρησιμοποιείται για την εξαγωγή των συμπερασμάτων είναι η μη-γραμμική παλινδρόμηση. Διαθέτουμε κάποια δεδομένα από το νοσοκομείο ΑΧΕΠΑ της Θεσσαλονίκης που αναφέρονται σε μετρήσεις των τριών ορμονών του θυροειδή (TSH , FT4 and FT3). Στο εργαστήριο του ΑΧΕΠΑ, διενεργούνται δύο είδη χημικών αντιδράσεων – οι ανταγωνιστικές και οι μη ανταγωνιστικές – ανάλογα με την ορμόνη που εξετάζεται και μελετώνται οι κρούσεις ανά λεπτό ως συνάρτηση γνωστών επιπέδων δόσης της ορμόνης. Στηριζόμενοι σε αυτά τα δεδομένα κατασκευάζονται καμπύλες χρησιμοποιώντας ως απόκριση τις κρούσεις ανά λεπτό και ως ανεξάρτητη μεταβλητή τη δόση (dose). Σε αυτή την εργασία η κατασκευή των καμπυλών υλοποιείται, χρησιμοποιώντας τις λογιστικές συναρτήσεις, σε αντίθεση με τη συνήθη πρακτική στο εργαστήριο του ΑΧΕΠΑ που χρησιμοποιεί μια μέθοδο βασισμένη σε μονότονο spline. Στη πράξη, οι καμπύλες αφού ελεγχθούν για την ορθότητά τους βάσει κάποιων controls, χρησιμοποιούνται από το εργαστήριο για τις αιματολογικές εξετάσεις των ασθενών. Βασιζόμενοι στις μετρήσεις των ορμονών που προκύπτουν από τις καμπύλες διενεργείται η διάγνωση αυξημένου ή μη επίπεδου μιας ορμόνης που σχετίζεται με την υπερλειτουργία ή υπολειτουργία του θυροειδή.  
540 |a Κλειδωμένη η δυνατότητα αντιγραφής (copy) του κειμένου.  
650 0 |a Dissertations, Academic  |z Greece. 
650 0 |a Nonlinear theories. 
650 0 |a Curve fitting. 
650 0 |a Regression analysis. 
650 0 |a Thyroid gland. 
700 1 |a Τσιμήκας, Ιωάννης,  |e dgs 
710 2 |a Πανεπιστήμιο Αιγαίου.   |b Σχολή Θετικών Επιστημών.   |b Τμήμα Στατιστικής και Αναλογιστικών-Χρηματοοικονομικών Μαθηματικών.   |b Μεταπτυχιακό Πρόγραμμα Στατιστική και Αναλογιστικά - Χρηματοοικονομικά Μαθηματικά. 
852 |a INST  |b SAMOS  |c DIATR  |e 20170621  |h 519.536 ΤΟΛ  |p 005300044662  |q 005300044662  |t MTXE  |y 23 
856 |u http://hdl.handle.net/11610/17593 
924 |a Τόλιου  |b Κατερίνα  |y Σάμος  |z 2017-03 
970 |a Κοσιέρης  |b Χρήστος  |z 21-06-2017